000
00308 a2200133 4500
001
156310
040
_c
Escola São Tomás de Aquino
100
_a
MARQUES, Ana Martins
240
1
0
_a
O livro das semelhanças
_l
por
245
1
0
_a
O livro das semelhanças
362
0
_a
2015
697
_a
Poesia
942
_c
BK
999
_c
156310
_d
156310